书目信息 |
| 题名: |
部门主管手册
|
|
| 作者: | 王道之 主编 | |
| 分册: | ||
| 出版信息: | 北京 中国商业出版社 2003.10 |
|
| 页数: | 17, 322页 | |
| 开本: | 26cm | |
| 丛书名: | ||
| 单 册: | ||
| 中图分类: | F272.91-62 | |
| 科图分类: | ||
| 主题词: | 企业领导学--手册 | |
| 电子资源: | ||
| ISBN: | 7-5044-4898-2 | |
| 000 | 01002nam0 2200241 45 | |
| 001 | 0104844452 | |
| 005 | 20050906165817.69 | |
| 010 | @a7-5044-4898-2@dCNY38.00 | |
| 100 | @a20031210d2003 kmey0chiy0121 ea | |
| 101 | 0 | @achi |
| 102 | @aCN@b110000 | |
| 105 | @ay z 000yy | |
| 200 | 1 | @a部门主管手册@ABu Men Zhu Guan Shou Ce@d= Department Manager Handbook@e帮助部门主管解决工作中所遇到的各类实务问题@f王道之主编@FWang Dao Zhi ZhuBian@zeng |
| 210 | @a北京@c中国商业出版社@d2003.10 | |
| 215 | @a17, 322页@d26cm | |
| 330 | @a本书运用通俗流畅的语言,从实用与操作性出发,全面系统地阐述了现代企业部门主管的素质要求、能力构成、管理方法及领导艺术。 | |
| 510 | 1 | @aDepartment Manager Handbook@zeng |
| 517 | 1 | @a帮助部门主管解决工作中所遇到的各类实务问题@ABang Zhu Bu Men Zhu Guan Jie Jue Gong Zuo Zhong Suo YuDao De Ge Lei Shi Wu Wen Ti |
| 606 | 0 | @a企业领导学@j手册 |
| 690 | @aF272.91-62@v4 | |
| 701 | 0 | @a王道之@AWang Dao Zhi@4主编 |
| 801 | 0 | @aCN@bQSSK@c20050906 |
| 905 | @a10447@dF272.91-62@eW149 | |
| 部门主管手册= Department Manager Handbook:帮助部门主管解决工作中所遇到的各类实务问题/王道之主编.-北京:中国商业出版社,2003.10 |
| 17, 322页;26cm |
| ISBN 7-5044-4898-2:CNY38.00 |
| 本书运用通俗流畅的语言,从实用与操作性出发,全面系统地阐述了现代企业部门主管的素质要求、能力构成、管理方法及领导艺术。 |
| ● |
| 相关链接 |
|
|
|
正题名:部门主管手册
索取号:F272.91-62/W149
 
预约/预借
| 序号 | 登录号 | 条形码 | 馆藏地/架位号 | 状态 | 备注 |
| 1 | 560367 | 205603676 | 社科库409/409社科库 89排2列4层/ [索取号:F272.91-62/W149] | 在馆 | |
| 2 | 560368 | 205603685 | 社科库409/409社科库 89排3列4层/ [索取号:F272.91-62/W149] | 在馆 |